El principe : (Registro nro. 12699)

Detalles MARC
000 -LIDER
fixed length control field 00908nam a22002777a 4500
003 - IDENTIFICACDOR DE NÚMERO DE CONTROL
control field DO-SdBNP
005 - DATE AND TIME OF LATEST TRANSACTION
control field 20220714094245.0
008 - ELEMENTOS DE LONGITUD FIJA
fixed length control field 171025b 1978||| 00| 0 spa d
020 ## - ISBN
International Standard Book Number 842390069X
040 ## - FUENTE DE CATALOGACIÓN
Agencia que crea de manera original el registro BPMSU
Idioma de catalogación spa
Agencia que realiza la transcripción BPMSU
082 ## - NÚMERO DE CLASIFICACIÓN DECIMAL DE DEWEY
Classification number 320.1
Item number M297N 1978
Edition number 22
100 1# - ASIENTO PRINCIPAL -- NOMBRE PERSONAL
Nombre personal Maquiavelo, Nicolás,
Fechas asociadas con el nombre 1469-1527
245 13 - MENCIÓN DE TITULO
Título El principe :
Subtítulo (comentado por Napoleón Bonaparte) /
Mención de responsabilidad Nicolás Maquiavelo
250 ## - MENCIÓN DE EDICION
Mención de edición 15a ed.
260 ## - PUBLICACIÓN, DISTRIBUCIÓN, ETC. (PIE DE IMPRENTA)
Lugar de publicación, distribución, etc Madrid :
Nombre del editor, distribuidor, etc. Espasa-Calpe
Fecha de publicación, distribución, etc 1978.
300 ## - DESCRIPCIÓN FÍSICA
Extensión 167 p. ;
Dimensiones 18 cm.
490 0# - MENCIÓN DE SERIES
Mención de serie Austral
500 ## - NOTA GENERAL
Nota general Incluye referencias bibliográficas y notas al pie de las páginas
590 ## - NOTA LOCAL
Enlace Inventariado, 2022/VM
600 14 - ENCABEZAMIENTO DE MATERIA--NOMBRE PERSONAL
Nombre personal Maquiavelo, Nicolás,
Fechas asociadas con el nombre 1469-1527.
Subdivisión temática general Crítica e interpretación
650 #4 - ENCABEZAMIENTO DE MATERIA--TEMÁTICO
Término temático o nombre geográfico como elemento de entrada Ciencia política
650 #4 - ENCABEZAMIENTO DE MATERIA--TEMÁTICO
Término temático o nombre geográfico como elemento de entrada Ética política
700 1# - ASIENTO SECUNDARIO -- NOMBRE PERSONAL
Nombre personal Bonaparte, Napoleón
Numeración I,
Fechas asociadas con el nombre 1769-1821.
Títulos u otras palabras asociadas con el nombre Emperador de Francia
910 ## - VALIDACIÓN
Validación VMateo V.
942 ## - ADDED ENTRY ELEMENTS (KOHA)
Source of classification or shelving scheme Dewey Decimal Classification
Koha item type Libros
Existencias
Withdrawn status Lost status Source of classification or shelving scheme Damaged status Not for loan Collection code Home library Current library Date acquired Source of acquisition Full call number Barcode Date last seen Price effective from Koha item type
    Dewey Decimal Classification     Colección General Biblioteca Pública Metropolitana Salomé Ureña Biblioteca Pública Metropolitana Salomé Ureña 10/25/2017 FUNDI BPMSU CG 320.1 M297p 1978 BPMSU17100155 10/25/2017 10/25/2017 Libros